000 00298nam a22001337a 4500
008 190223b xxu||||| |||| 00| 0 eng d
020 _a9781437728019
041 _aeng
080 _27th
_a610.73
100 _a1
101 _aINF
245 _aMedical-Surgical Nursing
_cWorkman
942 _2udc
_cBK
999 _c54139
_d54139